| 000 | 00619nam a2200205 u 4500 | ||
|---|---|---|---|
| 005 | 20210223131347.0 | ||
| 008 | 100812s2002 es r 000 0 spa d | ||
| 020 | _a8426132510 | ||
| 035 | _aUPN01000177313 | ||
| 049 | _aCG | ||
| 050 | 4 |
_aDG797.83 _bA4.4 |
|
| 100 | 1 |
_aAlmela y Vives, Francisco, _d1903-1963 _928456 |
|
| 245 | 1 | 0 |
_aLucrecia Borja y su familia / _cFrancisco Almela y Vives. |
| 260 |
_aBarcelona, Esp. : _bJuventud, _c2002. |
||
| 300 | _a294 p. | ||
| 440 | 0 |
_aLibros de bolsillo Z. _pBiografĂas |
|
| 600 | 1 | 4 |
_aBORGIA, LUCRECIA, _d1480-1519 _916290 |
| 600 | 3 | 4 |
_aBORGIA, FAMILIA _94141 |
| 905 | _aLibro | ||
| 999 |
_c149416 _d149416 |
||